За брака и безбрачието (Запис номер 322591)
[ съкратено ]
| 000 -Лидер | |
|---|---|
| Контролно поле с фиксирана дължина | nam a22 a 4500 |
| 003 - Код на организацията, давaща контролен номер | |
| Контролно поле | BLK |
| 005 - Дата и час на последна редакция | |
| Контролно поле | 20201014152821.0 |
| 008 - Елементи от данни с фиксирана дължина | |
| fixed length control field | 180423b bul||||| |||| 00| 0 bul d |
| 040 ## - Източник на каталожния запис | |
| Идентификатор на билиотеката - собственик на записа | BLK |
| 041 ## - Код за език | |
| Код за езика на текст/звукозапис или на отделно заглавие | Български |
| Код за езика КДБФ | Български |
| 080 ## - УДК | |
| Текстов определител УДК | Семейна етика. Вж и 176 ; 343.3/.7 ; 347.6 ; 392 |
| УДК код - определител по УДК | 173 |
| 080 ## - УДК | |
| Текстов определител УДК | Безбрачие |
| УДК код - определител по УДК | 176.2 |
| 080 ## - УДК | |
| Текстов определител УДК | Нрави и обичаи в частния живот. Обреди при раждане, кръщене, пълнолетие, жертвопринасяне, сватба, семеен живот, брак, любов, дружба, гостоприемство, осиновяване и др. |
| УДК код - определител по УДК | 392 |
| 100 ## - Редна дума - Автор | |
| Автор | Гусев, Александър Фьодорович |
| Авторска отговорност | първи автор |
| R(LIN) | 1299 |
| 139 ## - Редно поле | |
| Редна дума | Гусев, Александър Фьодорович |
| Авторски знак | Гур - Г 93 |
| 245 ## - Сведения за заглавието | |
| Заглавие | За брака и безбрачието |
| Подзаглавни данни | Против "Крейцеровата соната" и послесловието към нея от графа Л. Н. Толстоя |
| Редно поле (дума) | А. Ф. Гусев ; Прев. от рус. Ив. Ст. Визирев |
| 257 ## - Страна на издаване | |
| Страна на създаване/издаване | Русия |
| 260 ## - Област на издателските данни | |
| Място на издаване, разпространение и проч. | Свищов |
| Година на издаване | 1898 |
| Печатница | (Свищов : скоропеч. Д. Т. Дамянов) |
| 300 ## - Физическа характеристика | |
| Страници | III, 155 с. |
| Размери/Мащаб | 24 см |
| 380 ## - Жанр | |
| Жанр | Философия |
| 490 ## - СЕРИИ (Колекции) | |
| 9 (RLIN) | 435080 |
| Име на серия | Колекция Редки и ценни издания |
| 852 ## - Местоположение | |
| Форматна сигнатура | Рб 898 |
| Фондова буква | Редки и ценни |
| 999 ## - СИСТЕМНИ КОНТРОЛНИ НОМЕРА | |
| Koha biblionumber | 322591 |
| Koha biblioitemnumber | 322591 |
| 942 ## - АРТИКУЛИ | |
| Вид на библиотечния материал | Книги |
| Скрит в OPAC | Не |
| Периодичен библиозапис | Да |
| 999 ## - СИСТЕМНИ КОНТРОЛНИ НОМЕРА | |
| Koha biblioitemnumber | 322591 |
| 999 ## - СИСТЕМНИ КОНТРОЛНИ НОМЕРА | |
| Koha biblioitemnumber | 322591 |
| Код за отписване | Код за изгубен артикул | Източник на класификационната схема | Код за повреда | Коз за рестрикции | Код за отдаване | Артикулен № | Име на библиотеката - собственик | Име на библиотеката, в която се намира в момента | Статус (Текущо местоположение) | Дата на вписване в системата | Местоположение - отдел | Цена в лева | Инвентарен номер | Систематично азбучна сигнатура | Баркод | Цена в евро | Служебен тип на артикула |
|---|---|---|---|---|---|---|---|---|---|---|---|---|---|---|---|---|---|
| Не е изгубен | Universal Decimal Classification | Не е повреден | само за читалня | Специални фондове ( старопечатни, редки и ценни, фонд М. Арнаудов) | 676713 | Регионална библиотека "Любен Каравелов" Русе | Регионална библиотека "Любен Каравелов" Русе | Редки и ценни | 2018-04-23 | Редки и ценни | 0.12 | 15540 | Рб 898 | 900000036457 | 0.06 | Книги |